| 000 | 00871nam a2200277 a 4500 | ||
|---|---|---|---|
| 001 | 67431 | ||
| 003 | BD-RjUL | ||
| 005 | 20211209081644.0 | ||
| 008 | 170325s1977 nyua b 001 0 eng d | ||
| 020 | _a006042639X | ||
| 035 | _a(BD-RjUL)67562 | ||
| 040 |
_aDLC _cDLC _dBD-RjUL _beng |
||
| 041 | _aeng | ||
| 082 | 0 | 0 |
_223 _a150 _bHAP 1977 |
| 100 | 1 |
_aHarari, Herbert. _9199798 |
|
| 245 | 1 | 0 |
_aPsychology : _bpersonal & social adjustment / _cHerbert Harari, Robert M. Kaplan. |
| 260 |
_aNew York : _bHarper & Row, _cc1977. |
||
| 300 |
_axii, 390 p. : _bill. ; _c24 cm. |
||
| 504 | _aIncludes bibliographical references and indexes. | ||
| 650 | 0 |
_aPsychology. _9199799 |
|
| 650 | 0 |
_aSocial psychology. _9199800 |
|
| 650 | 0 |
_aAdjustment (Psychology) _9199801 |
|
| 700 | 1 |
_aKaplan, Robert M. _q(Robert Malcolm), _d1947- _9199802 |
|
| 942 |
_2ddc _cBK |
||
| 999 |
_c67431 _d67431 |
||